000
00289nam a22001217a 4500
008
230704b xxu||||| |||| 00| 0 eng d
082
_a
362.1
_b
WHO 2001
245
_a
Bulletin of the World Health Organization
260
_b
WHO
_c
2001
300
_a
207p
440
_n
2
_v
77
942
_2
ddc
_c
BK
999
_c
3883
_d
3883